Hakim Ajmal Khan / (Record no. 129749)
[ view plain ]
| 000 -LEADER | |
|---|---|
| fixed length control field | 00792nam a22002417a 4500 |
| 005 - DATE AND TIME OF LATEST TRANSACTION | |
| control field | 20170124110102.0 |
| 010 ## - LIBRARY OF CONGRESS CONTROL NUMBER | |
| LC control number | A-712316 |
| 020 ## - INTERNATIONAL STANDARD BOOK NUMBER | |
| Terms of availability | 30.00 |
| 035 ## - SYSTEM CONTROL NUMBER | |
| System control number | A-712316 |
| 037 ## - SOURCE OF ACQUISITION | |
| Source of stock number/acquisition | Cen Lib/Ret |
| 040 ## - CATALOGING SOURCE | |
| Original cataloging agency | DPL |
| Language of cataloging | EN |
| 082 ## - DEWEY DECIMAL CLASSIFICATION NUMBER | |
| Classification number | 921 |
| Item number | NIZ |
| 100 ## - MAIN ENTRY--PERSONAL NAME | |
| Personal name | Nizami, Zafar Ahmad |
| 9 (RLIN) | 27288 |
| 245 ## - TITLE STATEMENT | |
| Title | Hakim Ajmal Khan / |
| Statement of responsibility, etc | by Zafar Ahmad Nizami |
| 260 ## - PUBLICATION, DISTRIBUTION, ETC. (IMPRINT) | |
| Place of publication, distribution, etc | New Delhi |
| Name of publisher, distributor, etc | Ministry of Information and Broadcasting, Govt. of India |
| Date of publication, distribution, etc | 1988 |
| 270 ## - ADDRESS | |
| City | New Delhi |
| Address | Patiala House |
| Postal code | 110001 |
| 300 ## - PHYSICAL DESCRIPTION | |
| Extent | x,275p. |
| Dimensions | 20cm(Hb) |
| 490 ## - SERIES STATEMENT | |
| Series statement | Builders of modern India |
| 500 ## - GENERAL NOTE | |
| General note | Includes bibliographical references and index<br/><br/> |
| 650 ## - SUBJECT ADDED ENTRY--TOPICAL TERM | |
| Topical term or geographic name as entry element | Ajmal K̲h̲ān, Muḥammad, -- 1863-1927 |
| 9 (RLIN) | 27290 |
| 650 ## - SUBJECT ADDED ENTRY--TOPICAL TERM | |
| Topical term or geographic name as entry element | Politicians -- India -- Biography |
| 9 (RLIN) | 26655 |
| 942 ## - ADDED ENTRY ELEMENTS (KOHA) | |
| Source of classification or shelving scheme | Dewey Decimal Classification |
| Koha item type | English Books |
| Classification part | 921 |
| Call number suffix | NIZ |
| Withdrawn status | Lost status | Damaged status | Not for loan | Home library | Current library | Date acquired | Source of acquisition | Cost, normal purchase price | Total Checkouts | Full call number | Barcode | Date last seen | Copy number | Cost, replacement price | Price effective from | Koha item type |
|---|---|---|---|---|---|---|---|---|---|---|---|---|---|---|---|---|
| Central Library | Central Library | 07/07/2015 | Cen Lib/Ret | 30.00 | 921 NIZ | A-712316 | 07/07/2015 | 1 | 30.00 | 07/07/2015 | English Books |
